Ethical Aspects of Investing in Mutual Funds in the Context of Core European Directives

Zvýšená regulácia finančného sektora ako následok hospodárskej krízy. Nové smernice o ochrane spotrebiteľa pri obstarávaní finančných služieb. Cieľom regulácií je dosiahnuť racionálne sa rozhodujúceho spotrebiteľa.

Salvato in:
Dettagli Bibliografici
Autore principale: Škriniar, Pavel, 1979-
Altri autori: Foltínová, Ľubica, 1975-
Natura: Capitolo di libro
Lingua:inglese
Soggetti:
Tags: Aggiungi Tag
Nessun Tag, puoi essere il primo ad aggiungerne!!

MARC

LEADER 00000nla a2200000 4500
001 0183731
005 20240502083432.5
041 0 |a eng 
044 |a CH 
245 1 0 |a Ethical Aspects of Investing in Mutual Funds in the Context of Core European Directives  |c Pavel Škriniar, Ľubica Foltínová 
520 |a Zvýšená regulácia finančného sektora ako následok hospodárskej krízy. Nové smernice o ochrane spotrebiteľa pri obstarávaní finančných služieb. Cieľom regulácií je dosiahnuť racionálne sa rozhodujúceho spotrebiteľa. 
610 2 0 |a etika 
610 2 0 |a investovanie 
610 2 0 |a gramotnosť finančná 
610 2 0 |a smernice 
610 2 0 |a Európska únia 
610 2 0 |a regulácia finančná 
610 2 0 |a racionalita ekonomická 
610 2 0 |a služby finančné 
100 1 |a Škriniar, Pavel, 1979- 
700 1 |a Foltínová, Ľubica, 1975-